Ч.5 : Монументальная живопись; Техника живописи

Detalles Bibliográficos
Parent link:Техника живописи: учебное пособие/ Д. И. Киплик. Ч.5 : Монументальная живопись.— 4-е изд..— , 1947-1948
Idioma:ruso
Publicado: 1948
Subjects:
Formato: MixedMaterials Libro
KOHA link:https://koha.lib.tpu.ru/cgi-bin/koha/opac-detail.pl?biblionumber=327524

MARC

LEADER 00000nam2a2200000 4500
001 327524
005 20231102003952.0
035 |a (RuTPU)RU\TPU\book\353208 
090 |a 327524 
100 |a 20170131d1948 km y0rusy50 ca 
101 0 |a rus 
102 |a RU 
105 |a a z 000zy 
200 0 |a Ч.5 : Монументальная живопись 
210 |d 1948 
215 |a 168 с.  |c ил. 
461 1 |0 (RuTPU)RU\TPU\book\375824  |t Техника живописи  |o учебное пособие  |o в 5 ч.  |f Д. И. Киплик  |v Ч.5 : Монументальная живопись  |e 4-е изд.  |d 1947-1948 
606 1 |a Живопись  |x Техника  |2 stltpush  |3 (RuTPU)RU\TPU\subj\10836  |9 37853 
610 1 |a изобразительное искусство 
610 1 |a монументальная живопись 
610 1 |a монументализм 
610 1 |a здания 
610 1 |a строительные материалы 
610 1 |a масляная живопись 
610 1 |a темпера 
610 1 |a фресковая живопись 
610 1 |a восковая живопись 
675 |a 75.02  |v 4 
801 1 |a RU  |b 63413507  |c 20170131 
801 2 |a RU  |b 63413507  |c 20201002  |g RCR 
942 |c BK